Normal view
MARC view
Entry Topical Term
001 - CONTROL NUMBER
- control field: 9485
003 - CONTROL NUMBER IDENTIFIER
- control field: OSt
005 - DATE AND TIME OF LATEST TRANSACTION
- control field: 20160620145209.0
008 - FIXED-LENGTH DATA ELEMENTS
- fixed length control field: 160620|| aca||aabn | a|a d
040 ## - CATALOGING SOURCE
- Original cataloging agency: OSt
- Transcribing agency: OSt
150 ## - HEADING--TOPICAL TERM
- Topical term or geographic name entry element: Physical Therapy examination
670 ## - SOURCE DATA FOUND
- Source citation: Work cat.: (OSt): Cleland, Joshua; Netter Frank H. 9484, Orthopaedic Clinic Examination: an evidence-based approach for physical Therapists
